000
00402nam a2200133Ia 4500
008
100328s9999 xx 000 0 und d
082
_b
32218
100
_a
जोशी का. अ.
245
_a
सती सावित्री
260
_b
कुमार साहित्य
630
_a
सती सावित्री
730
_a
सती सावित्री
942
_c
BOOK
999
_c
523016
_d
523013